| 000 | 004570000a22001450004500 | ||
|---|---|---|---|
| 090 |
_aAR _b00906 |
||
| 245 | 1 | 0 | _aBiodiversity, biotechnology and profit: the need for a peoples' plan to protect biological diversity |
| 650 | 1 | 4 |
_aDesarrollo sostenible _9278 |
| 650 | 1 | 4 |
_aBiodiversidad _992204 |
| 650 | 1 | 4 |
_aRecursos genéticos _992757 |
| 041 | 0 | _aInglés | |
| 100 | 1 |
_aShiva, Vandana _915371 |
|
| 942 | _cARTICULO | ||
| 773 | 1 |
_tEcologist _3326 _h2 _q44-47 _d1990 _g20 |
|
| 999 |
_c9994 _d9994 |
||